Applications of information technology in construction. (Record no. 85734)

MARC details
000 -LEADER
fixed length control field 00941cam a2200289 4500
008 - FIXED-LENGTH DATA ELEMENTS--GENERAL INFORMATION
fixed length control field 090401t1991 xxu||||| |||| 00| 0 eng d
020 ## - INTERNATIONAL STANDARD BOOK NUMBER
International Standard Book Number 0727716530
035 ## - SYSTEM CONTROL NUMBER
System control number (Sirsi) u2174
041 ## - LANGUAGE CODE
Language code of text/sound track or separate title eng
050 ## - LIBRARY OF CONGRESS CALL NUMBER
Classification number 690.0285
110 ## - MAIN ENTRY--CORPORATE NAME
Corporate name or jurisdiction name as entry element Institution of Civil Engineers
9 (RLIN) 1402
245 ## - TITLE STATEMENT
Title Applications of information technology in construction.
260 ## - PUBLICATION, DISTRIBUTION, ETC.
Place of publication, distribution, etc. London
Name of publisher, distributor, etc. Thomas Telford Ltd.
Date of publication, distribution, etc. 1991
300 ## - PHYSICAL DESCRIPTION
Extent 346p. ; 24cm.
350 ## - PRICE (NR) (BK AM CF MU VM SE) [OBSOLETE]
Price 45
520 ## - SUMMARY, ETC.
Summary, etc. Various authors examine IT systems for project management, ports, water, coasts, geographic information systems, public utilities, roads and buildings.
650 ## - SUBJECT ADDED ENTRY--TOPICAL TERM
Topical term or geographic name entry element BUILDING INDUSTRY
650 ## - SUBJECT ADDED ENTRY--TOPICAL TERM
Topical term or geographic name entry element COMPUTER AIDED DESIGN
650 ## - SUBJECT ADDED ENTRY--TOPICAL TERM
Topical term or geographic name entry element COMPUTERS
650 ## - SUBJECT ADDED ENTRY--TOPICAL TERM
Topical term or geographic name entry element DATABASES
650 ## - SUBJECT ADDED ENTRY--TOPICAL TERM
Topical term or geographic name entry element ENGINEERING
650 ## - SUBJECT ADDED ENTRY--TOPICAL TERM
Topical term or geographic name entry element LLOYDS REGISTER
690 ## - LOCAL SUBJECT ADDED ENTRY--TOPICAL TERM (OCLC, RLIN)
Topical term or geographic name as entry element MANAGEMENT-BUSINESS MANAGEMENT-INFORMATION MANAGEMENT
700 ## - ADDED ENTRY--PERSONAL NAME
Personal name Maxwell, J.W.S.
International Standard Serial Number Editor
942 ## - ADDED ENTRY ELEMENTS (KOHA)
Suppress in OPAC 0
948 ## - LOCAL PROCESSING INFORMATION (OCLC); SERIES PART DESIGNATOR (RLIN)
c (OCLC) 04/03/1997
Holdings
Withdrawn status Lost status Source of classification or shelving scheme Damaged status Not for loan Home library Current library Shelving location Date acquired Cost, normal purchase price Total Checkouts Full call number Barcode Date last seen Date last checked out Copy number Cost, replacement price Price effective from Koha item type
    Dewey Decimal Classification     London London Books 14/02/1992 45.00 8 690.0285 30025815 06/08/2019 05/03/2003 1 45.00 06/08/2019 Book